| 000 -LEADER | |
|---|---|
| fixed length control field | 00384nam a22001697a 4500 |
| 005 - DATE AND TIME OF LATEST TRANSACTION | |
| control field | 20160625114254.0 |
| 008 - FIXED-LENGTH DATA ELEMENTS--GENERAL INFORMATION | |
| fixed length control field | 160625b xxu||||| |||| 00| 0 eng d |
| 020 ## - INTERNATIONAL STANDARD BOOK NUMBER | |
| ISBN | 81-7649-620-0 |
| 041 ## - LANGUAGE CODE | |
| Language code of text/sound track or separate title | eng |
| 082 ## - DEWEY DECIMAL CLASSIFICATION NUMBER | |
| Item number | 10170 |
| 100 ## - MAIN ENTRY--AUTHOR NAME | |
| Personal name | Salzman, Jason |
| 245 ## - TITLE STATEMENT | |
| Title | Making the News |
| 260 ## - PUBLICATION, DISTRIBUTION, ETC. (IMPRINT) | |
| Name of publisher | Viva |
| Year of publication | 2004 |
| 300 ## - PHYSICAL DESCRIPTION | |
| Number of Pages | 278 |
| 650 ## - SUBJECT ADDED ENTRY--TOPICAL TERM | |
| Topical Term | Mass Communication |
| 942 ## - ADDED ENTRY ELEMENTS (KOHA) | |
| Koha item type | Books |
| Lost status | Damaged status | Home library | Current library | Shelving location | Date acquired | Cost, normal purchase price | Full call number | Accession Number | Koha item type |
|---|---|---|---|---|---|---|---|---|---|
| JRU Library | SHELF-31-G | 25/06/2016 | 295.00 | 10170 | 10170 | Books | |||
| JRU Library | SHELF-31-G | 25/06/2016 | 295.00 | 10170 | 10171 | Books | |||
| JRU Library | SHELF-31-G | 25/06/2016 | 295.00 | 10170 | 10172 | Books |